书目信息 |
| 题名: |
实用办公室英语
|
|
| 作者: | 米恩斯 著 ;唐述宗 , 徐钟 译注 | |
| 分册: | ||
| 出版信息: | 上海 上海教育出版社 2002.11 |
|
| 页数: | 15, 536页 | |
| 开本: | 26cm | |
| 丛书名: | ||
| 单 册: | ||
| 中图分类: | H31 | |
| 科图分类: | ||
| 主题词: | 办公室--ban gong shi--英语 | |
| 电子资源: | ||
| ISBN: | 7-5320-8541-4 | |
| 000 | 01093nam0 2200301 450 | |
| 001 | 012008149563 | |
| 005 | 20080314120051.46 | |
| 010 | @a7-5320-8541-4@dCNY60.00 | |
| 100 | @a20080314d2002 km y0chiy0120 ea | |
| 101 | 2 | @achi@aeng@ceng |
| 102 | @aCN@b310000 | |
| 105 | @ay z 001yy | |
| 106 | @ar | |
| 200 | 1 | @a实用办公室英语@Ashi yong ban gong shi ying yu@f(美) Thomas L.Means [著]@F(mei)Thomas L.Means[zhu]@g唐述宗, 徐钟译注@Gtang shu zong,xu zhong yi zhu |
| 210 | @a上海@c上海教育出版社@d2002.11 | |
| 215 | @a15, 536页@d26cm | |
| 305 | @a汤姆森出版集团授权出版 | |
| 314 | @a责任者规范汉译姓 : 米恩斯 | |
| 320 | @a有索引 | |
| 330 | @a本书分为15章,介绍了生活中的交际、在多元文化工作场所中交际、非语言交际、给客户写信、撰写正式报告等办公室英语。 | |
| 510 | 1 | @aCommunication for the Workplace@zeng |
| 606 | 0 | @a办公室@Aban gong shi@x英语 |
| 690 | @aH31@v4 | |
| 701 | 1 | @a米恩斯@Ami en si@g(Means, Thomas L.),@f1938-@4著 |
| 702 | 0 | @a唐述宗@Atang shu zong@4译注 |
| 702 | 0 | @a徐钟@Axu zhong@4译注 |
| 801 | 0 | @aCN@bQSSK@c20080314 |
| 905 | @b20283062-64@dH31@eM651@f3 | |
| 实用办公室英语/(美) Thomas L.Means [著]/唐述宗, 徐钟译注.-上海:上海教育出版社,2002.11 |
| 15, 536页;26cm |
| ISBN 7-5320-8541-4:CNY60.00 |
| 本书分为15章,介绍了生活中的交际、在多元文化工作场所中交际、非语言交际、给客户写信、撰写正式报告等办公室英语。 |
| ● |
| 相关链接 |
|
|
|
正题名:实用办公室英语
索取号:H31/M651
 
预约/预借
| 序号 | 登录号 | 条形码 | 馆藏地/架位号 | 状态 | 备注 |
| 1 | 283062 | 202830623 | 语言库209/209语言库 85排1列3层/ [索取号:H31/M651] | 在馆 | |
| 2 | 283063 | 202830632 | 语言库209/209语言库 85排1列3层/ [索取号:H31/M651] | 在馆 | |
| 3 | 283064 | 202830641 | 语言库209/209语言库 85排1列3层/ [索取号:H31/M651] | 在馆 |